000 00410nam a22001697a 4500
003 NUST - PNEC
005 20170116180924.0
008 150905b xxu||||| |||| 00| 0 eng d
020 _a-
040 _cLIBRARY
082 _a537 AGG
100 _97943
_aAgger, L. T.
245 _aElementary technical electricity.
_cL. T. Agger
260 _cc.1961
650 _97947
_aElectricity
_xEE
942 _2ddc
_cBK
999 _c65722
_d65722